Online Catalogue and eLibrary

Anpulla doctor Marx (Record no. 751)

MARC details
000 -LEADER
fixed length control field 00404nam a2200145Ia 4500
005 - DATE AND TIME OF LATEST TRANSACTION
control field 20250410023219.0
008 - FIXED-LENGTH DATA ELEMENTS--GENERAL INFORMATION
fixed length control field 240331s9999 xx 000 0 und d
082 ## - DDC Classification
Class No. 155
Item Number - Author Mark ROW
100 ## - MAIN ENTRY--PERSONAL NAME
Personal name Rowbatham,S
245 #0 - TITLE STATEMENT
Title Anpulla doctor Marx
260 ## - PUBLICATION, DISTRIBUTION, ETC.
Place of publication, distribution, etc. Kovai
Name of publisher, distributor, etc. Vidiyal Pathippagam
Date of publication, distribution, etc. 1999
300 ## - PHYSICAL DESCRIPTION
Extent (e.g. Volumes, Pages etc.) 126 p .,
500 ## - GENERAL NOTE
General note Tamil Translation of Dear Dr. Marx - A letter from A socialist Feminist
942 ## - Koha item type (Biblio)
Koha item type Books in Stacks (Lending)
Holdings
Lost status Damaged status Collection code Home library Current library Shelving location Date acquired Full call number Accession Number Item type
    Lending WERC Library WERC Library Social Science Cupboard 03/31/2024 155 ROW 2945 Books in Stacks (Lending)

© WERC Library